LEADER 00961nam a2200241 i 4500 001 000000147766 003 CaOOAMICUS 005 20060213000000.0 008 060213s1987 sz u000 u eng u 013 $a125067 020 $a2-8254-0896-4 040 $aSeMil$bita 245 10$aVol. 4. 300 $axii, 257 p. 490 0 $aFaith and order paper ;$v137 700 1 $aThurian, Max,$d<1921-1996>.$0(OLS)http://semarc/name/7144 773 0 $tChurches respond to BEM.$dGeneva : World Council of Churches, 1986-1988.$kFaith and order paper / World Council of Churches $g4$w()15371 830 0$aFaith and order paper / World Council of Churches ;$v137.$0(OLS)http://semarc/title/20382 850 $aSeMil 852 $aSeMil$W1$xVenegono$y1$m2K I 7$j100302$B100302$CSeMilBibl$Z2$F109049 $81 961 $aOmaggio: Caspani don Pierpaolo 996 $6020$a2-8254-0896-4$9(OLS)http://semarc/number/136567 996 $6245$aVol. 4$9(OLS)http://semarc/title/108694 LEADER 01183nam a2200289 i 4500 001 000000049732 003 CaOOAMICUS 005 20260506142614.0 008 091006s1991 it u000 u ita u 013 $a20903 020 $a88-01-12782-0 040 $aSeMil$bita 100 1 $aSerenthą, Mario <1945-2013>.$0(OLS)http://semarc/name/21994 245 10$aGesł Cristo ieri, oggi e sempre :$bsaggio di cristologia /$cMario Serenthą. 250 $a4. ed., aggiornata. 260 $aLeumann (TO) :$bElle Di Ci,$c1991. 300 $a511 p. ;$c24 cm. 490 0 $aCorso di studi teologici 650 4$aCristologia.$0(OLS)http://semarc/subject/173 830 0$aCorso di studi teologici.$0(OLS)http://semarc/title/368 850 $aSeMil 852 $aSeMil$W1$xVenegono$y1$m2B III 411$j15887$B15887$CSeMilBibl$Z2$F15887 $81 961 $aCon dedica autografa dell'autore a padre Ferdinando Baj 996 $6020$a88-01-12782-0$9(OLS)http://semarc/number/23242 996 $6245$aGesł Cristo ieri, oggi e sempre :$bsaggio di cristologia$9(OLS)http://semarc/title/75760 996 $6260$aLeumann (TO) :$bElle Di Ci$9(OLS)http://semarc/publisher/29654